LEADER 01642nam a2200313 i 4500 001 000000126736 003 CaOOAMICUS 005 20250212102223.0 008 060113s1973 it u000 u ita u 013 $a99444 040 $aSeMil$bita 100 1 $aAgostini, Filippo Guido.$0(OLS)http://semarc/name/52685 245 10$aAspetti del popolamento attuale della Montagna Lariana /$cFilippo Guido Agostini ; con introduzione sull'ambiente fisico del Prof. Giuseppe Nangeroni. 260 $aComo :$bCamera di Commercio, Industria, Artigianato, Agricoltura,$c1973. 300 $a182 p., 16 c. di tav. :$bill. ;$c28 cm. + [1] errata corrige, [14] c. di tav. ripiegate. 490 0 $aStudi e ricerche di economia comasca ;$v20 500 $aIn custodia. - Fondo Card. C.M. Martini. 650 4$aComo - Popolazione - 1951-1971.$0(OLS)http://semarc/subject/46164 650 4$aComo - Insediamenti - 1951-1971.$0(OLS)http://semarc/subject/24805 650 4$aComo - Economia - 1951-1971.$0(OLS)http://semarc/subject/46165 700 1 $aNangeroni, Giuseppe,$d<1892-1987>.$0(OLS)http://semarc/name/10948 830 0$aStudi e ricerche di economia comasca ;$v20.$0(OLS)http://semarc/title/20150 850 $aSeMil 852 $aSeMil$W1$xVenegono$y1$m3M VI 23$j81091$B81091$CSeMilBibl$Z2$F108246 $81 941 1 $a4 961 $aOmaggio: Martini Card. Carlo Maria 996 $6245$aAspetti del popolamento attuale della Montagna Lariana$9(OLS)http://semarc/title/186935 996 $6260$aComo :$bCamera di Commercio, Industria, Artigianato, Agricoltura$9(OLS)http://semarc/publisher/34096 LEADER 01051nam a2200265 4500 001 000000366404 003 CaOOAMICUS 005 20260220120038.0 008 260213s2024 it 000 u ita r 020 $a978-88-315-5753-5 040 $aSeMil$bita 100 1 $aForlai, Giuseppe,$c.$0(OLS)http://semarc/name/114726 245 12$aL'orazione mentale /$cGiuseppe Forlai. 264 1$aMilano :$bPaoline,$c2024. 300 $a25 p. ;$c17 cm 490 1 $aSpuntini per l'anima ;$v3 650 4$aPreghiera - Orazione.$0(OLS)http://semarc/subject/2140 830 0$aSpuntini per l'anima ;$v3.$0(OLS)http://semarc/title/458164 850 $aSeMil 852 $aSeMil$W1$xVenegono$y1$m5D VIII 7/22$j267420$B257148$CSeMilBibl$Z2$F257148 $81 961 $aBrambilla don Paolo - Omaggio 996 $6020$a978-88-315-5753-5$9(OLS)http://semarc/number/305293 996 $6245$aL'orazione mentale$9(OLS)http://semarc/title/458172 996 $6264$aMilano :$bPaoline$9(OLS)http://semarc/publisher/29684